000 00418nam a22001697a 4500
999 _c4378
_d4377
005 20210831110323.0
008 160628b xxu||||| |||| 00| 0 eng d
020 _a81-8054772-X
041 _aeng
082 _b10732
_a346.07
100 _aKapoor, N.D.
_9534
245 _aBusiness and Corporate laws
260 _aNew Delhi
_bSultan Chand & Sons,
_c2004
300 _a315
650 _aManagement
_9241
942 _cBK